000 01189cad a22002055a 4500
001 L158186
008 141009e2014 xxk 000 0 eng d
035 _a(Sirsi) u158186
041 0 _aeng
110 2 _aUnited Kingdom
_bDepartment for Communities and Local Government
_94939
245 0 0 _aCouncils must protect our precious green belt land
_h[electronic resource]
260 _aLondon
_bDCLG
_c2014
520 _aNew guidance reaffirms how councils should use their Local Plan, drawing on protections in the National Planning Policy Framework. The guidance explains that, once established, green belt boundaries should only be altered in exceptional cases, through the preparation or review of the Local Plan.
590 _aKA
651 4 _aEngland
690 _aPlanning and development
_96259
856 4 0 _uhttps://www.gov.uk/government/news/councils-must-protect-our-precious-green-belt-land
_zFor the news release at www.gov.uk
856 4 0 _uhttps://planningguidance.planningportal.gov.uk/blog/guidance/housing-and-economic-land-availability-assessment/stage-5-final-evidence-base/#paragraph_044
_zFor the new guidance at planningguidance.planningportal.gov.uk
942 _n0
_2ddc
999 _c84526
_d84526